| 000 | 00748nam a2200253 cc4500 | ||
|---|---|---|---|
| 001 | 000030545 | ||
| 003 | RuMoIPM | ||
| 005 | 20260513113342.0 | ||
| 008 | 230421s1965 ru ||||| |||| 00| 0 rus d | ||
| 035 | _a(RuMoBEN) 002114791 | ||
| 040 |
_aRuMoBEN _brus _ercr |
||
| 041 | _arus | ||
| 044 | _aru | ||
| 080 | _a510(075.8) | ||
| 080 | _a517.9(07) | ||
| 080 | _a517.2/.3(07) | ||
| 080 | _a514.7(07) | ||
| 245 |
_aТ. 2 _cВ. И. Смирнов |
||
| 250 | _a19 изд., испр. | ||
| 260 |
_aМосква _bНаука _c1965 |
||
| 300 | _a655 с. | ||
| 773 |
_aСмирнов, Владимир Иванович _tКурс высшей математики: [Учебная литература для вузов] _w000018741 |
||
| 942 | _cBK | ||
| 999 |
_c30545 _d30545 |
||